Behemoth: pensamiento y acción en el nacional-socialismo

Guardat en:
Dades bibliogràfiques
Autor principal: Neumann, Franz (autor)
Format: Llibre
Idioma:espanyol
Publicat: Ciudad de México Fondo de Cultura Económica 1943
Col·lecció:Sección de Política y Derecho
Matèries:
Etiquetes: Afegir etiqueta
Sense etiquetes, Sigues el primer a etiquetar aquest registre!

MARC

LEADER 00000nam a2200000 a 4500
001 UCP2034
003 CL-VaPUC
008 990430e19430000MX |||||||||||||||||spa|d
082 0 4 |a 335.6  |b NEU  |2 21 
100 |a Neumann, Franz  |e autor  |9 428439 
245 1 0 |a Behemoth: pensamiento y acción en el nacional-socialismo 
300 |a 583 p 
942 |c BK 
945 |d 19990430 00:00:00  |a lriquelm 
260 |a Ciudad de México  |b Fondo de Cultura Económica  |c 1943 
650 0 |a Socialismo  |9 255260 
650 0 |a Ideologías  |9 255200 
650 7 |a FILOSOFIA POLITICA  |2 CL-VaPUC  |9 428440 
650 0 |a Estado  |9 255503 
650 0 |a Totalitarismo  |9 255261 
650 0 |a Racismo  |9 255805 
650 0 |a Imperialismo  |9 258264 
650 0 |a Economía   |9 255568 
650 7 |a SISTEMAS ECONOMICOS  |2 CL-VaPUC  |9 428441 
583 |a last modification  |c 19990430 00:00:00  |k Rodrigo Vera 
490 0 |a Sección de Política y Derecho 
999 |c 280645  |d 280643 
952 |0 0  |1 0  |4 0  |6 335_600000000000000_NEU_1943  |7 0  |8 A  |9 321070  |a BIBHIS  |b BIBHIS  |d 2019-11-20  |i 133980K  |o 335.6 NEU 1943  |p 133980K  |r 2025-01-20  |w 2019-11-20  |y BK  |k HIS